000 00609nam a2200193 a 4500
001 000047040
005 20201002053316.0
008 180412s2016 dr a 000 0 spa d
020 _a9789945123593
040 _aDO-SdBNP
_bspa
_cBNPHU
082 _axxxx
_bR457c, 5o
100 1 _aReyes Báez, Yanett
_974890
245 1 0 _aCiencias de la naturaleza 5 :
_bnivel primario /
_cYanett Reyes Báez.
260 _aSanto Domingo :
_bSusaeta,
_c2016.
300 _a206 p. :
_bil ;
_c29 cm.
500 _aEnfoque por competencias nuevo currículo
504 _aBibliografía : p. 206
590 _aInventariado, 2018/LP
999 _c46528
_d46528